LIBRARY & INFORMATION CENTRE, KCAET, TAVANUR

ONLINE PUBLIC ACCESS CATALOGUE (OPAC)

Sasyaparisthithivinjanam (Record no. 4687)

MARC details
000 -LEADER
fixed length control field 00371cam a2200145ua 4500
003 - CONTROL NUMBER IDENTIFIER
control field OSt
008 - FIXED-LENGTH DATA ELEMENTS--GENERAL INFORMATION
fixed length control field 230127b |||||||| |||| 00| 0 eng d
041 ## - LANGUAGE CODE
Language code of text/sound track or separate title mal
082 ## - DEWEY DECIMAL CLASSIFICATION NUMBER
Classification number 632
Item number JOS/SA
100 ## - MAIN ENTRY--AUTHOR NAME
Personal name Joseph, A K .
245 ## - TITLE STATEMENT
Title Sasyaparisthithivinjanam
260 ## - PUBLICATION, DISTRIBUTION, ETC. (IMPRINT)
Place of publication Thiruvananthapuram :
Name of publisher State Instititute of Languages ,
Year of publication 1970.
300 ## - PHYSICAL DESCRIPTION
Number of Pages 190 ; .
942 ## - ADDED ENTRY ELEMENTS (KOHA)
Koha item type Books
Holdings
Withdrawn status Lost status Damaged status Home library Current library Date acquired Full call number Accession Number Koha item type
      KAUAET KAUAET 07/04/2012 632 13161 Books
      KAUAET KAUAET 07/04/2012 632 13859 Books
      KAUAET KAUAET 27/01/2023 632 JOS/SA 13495 Books
Withdrawn     KAUAET KAUAET 26/10/2023 632 JOS/SA 14000 Books
free website counter